000 00224nam a2200097Ia 4500
008 220204s9999 xx 000 0 und d
082 _a82-3
245 0 _aWhat rugby jokes did next
260 _aBombay
_bIBH
_c1978
942 _cBK
999 _c28941
_d28941